Géographie de l'Amérique du Sud par lettre - R - Statistiques

Statistiques générales
  • Ce quiz a été pris 72 fois
  • Le résultat moyen est 6 sur 20
Statistiques - réponses
Question Réponses % Correct
Métropole brésilienne connue pour son carnaval et ses magnifiques plages Rio de Janeiro
100%
Monnaie du Brésil Real
73%
Céréale constituant un aliment de base en Asie, très répandue en Amérique du Sud, et dont le Brésil est le neuvième producteur mondial et le premier producteur non asiatique Riz
70%
Alcool de canne dont la Guyane est productrice, la version brésilienne se nommant cachaça Rhum
56%
Personnage de fiction inspiré par la navigateur Alexander Selkirk, qui, naufragé, vécut quatre ans seul sur une île de l'archipel chilien de Juan Fernandez - île qui a été rebaptisée du nom de ce personnage fictif Robinson Crusoe
55%
Partie du manioc qui est consommée sous forme de farine, de semoule ou de tapioca Racine
44%
La plus importante ville d'Argentine après Buenos Aires et Córdoba Rosario
36%
Capitale de l'Etat brésilien de Pernambouc, 5ème agglomération du pays Recife
34%
Province d'Argentine homonyme d'une province d'Espagne La {Rioja}
31%
Course automobile annuelle, se déroulant initialement en Afrique, organisée en Amérique du Sud de 2009 à 2019, bien qu'ayant gardé son nom "africain" Rallye Dakar
19%
Autre nom de l'Île de Pâques - c'est aussi le nom de ses habitants et de leur langue Rapanui
14%
Nom donné à la première subdivision du Chili Région
14%
Etat brésilien du sud du pays, de capitale Porto Alegre Rio Grande do Sul
11%
Point culminant du Guyana Mont {Roraima}
5%
Etat brésilien situé entre les Etats du Mato Grosse, de l'Amazonas et la Bolivie Rondônia
3%
Capitale de la Province argentine du Chaco Resistencia
2%
Ville du Chili (région de O'Higgins), à une centaine de km au sud de Santiago Rancagua
0%
Nom donné aux missions catholiques construites et gérées par des missionnaires, en Amérique latine entre le début du XVIe siècle et le milieu du XVIIe siècle Réductions
0%
Politique de redistribution des terres agricoles constituant un enjeu particulièrement important dans de nombreux pays d'Amérique latine, notamment au Brésil, en Bolivie, en Colombie, au Pérou et au Venezuela (2 mots) Réforme agraire
0%
Département de Colombie situé dans la "région du café", capitale Pereira Risaralda
0%
Aucun quiz correspondant
Distribution des résultats
% des personnes avec chaque résultat
Percentile par nombre de réponses
Votre historique - résultats
Vous n’avez pas pris ce quiz